get him back! (Lyrics)- Olivia Rodrigo - Statistics

General Stats
  • This quiz has been taken 190 times
    150 since last reset
  • The average score is 394 of 494
Answer Stats
Answer % Correct
him
100%
him?
100%
I
99%
a
98%
an
95%
get
95%
He
95%
he
95%
me
95%
the
95%
when
95%
and
94%
And
94%
back
94%
to
93%
so
91%
So
91%
in
90%
with
90%
wanna
89%
Wanna
89%
make
88%
real
88%
guy
86%
want
86%
every
85%
met
85%
son
85%
feel
84%
friend
84%
bad
83%
had
83%
jealous
81%
really
81%
spring
81%
summer
81%
then
81%
Then
81%
left
80%
my
80%
on
80%
said
80%
But
79%
but
79%
just
79%
Just
79%
about
78%
everything
78%
friends
77%
it
77%
kiss
77%
nice
77%
Oh
77%
One
77%
one
77%
try"
77%
I'm
75%
is
75%
miss
75%
argued
74%
"Dude
74%
song
74%
was
74%
ego
73%
face
73%
he's
73%
his
72%
like
72%
up
72%
right
70%
Do
69%
eye
69%
love
69%
temper
69%
this
69%
France
68%
made
68%
sweet
68%
would
68%
hate
67%
sad
67%
tell
67%
that
67%
again
65%
all
65%
heart
65%
he'd
65%
laugh
65%
night
65%
revenge
65%
be
64%
car
64%
end
64%
now
64%
such
64%
way
64%
Yeah
64%
'Cause
63%
fly
63%
fun
63%
never
63%
say
63%
weird
63%
drums?
62%
guess
62%
If
62%
makes
62%
much
62%
out
62%
some
62%
two
62%
Another
60%
another
60%
key
60%
mom
60%
of
60%
something
60%
take
60%
us
60%
Wait
60%
break
59%
her
59%
kisses
59%
meet
59%
parties
59%
three
59%
down
58%
it's
58%
lunch
58%
choose
57%
depressed
57%
time
57%
uppercut
57%
wrong
57%
dance
56%
feeling
56%
letters
56%
sucks
56%
nights
54%
wandering
54%
shit
53%
stitch
53%
them
53%
as
52%
bar
52%
club
52%
remember
52%
trash
52%
write
52%
little
51%
pass
51%
can
49%
knew
49%
"send"
49%
six-foot-two
49%
these
49%
throw
49%
truth
49%
Because
48%
disappointed
48%
faces
48%
fix
48%
picture
48%
told
48%
wasn't
48%
everyone
47%
maybe
47%
only
47%
hitting
46%
am
44%
father's
44%
girl
44%
pour
44%
daughter
43%
'Til
41%
trippin
41%
hurt
40%
how
38%
(And then? And then)
2%
No matching quizzes found
Score Distribution
Percent of People with Each Score
Percentile by Number Answered
Your Score History
You have not taken this quiz since the last reset